000 00289pab a2200121 454500
008 180718b xxu||||| |||| 00| 0 eng d
100 _aEngineer, Asghar Ali
245 _aRole of Police in communal riots
650 _a Law Enforcement
650 _aPolice
773 _aHindu
909 _a24153
999 _c24153
_d24153